| 000 | 01197cab a2200301 4500 | ||
|---|---|---|---|
| 001 | ABS55614 | ||
| 008 | 090401t1996 xxu||||| |||| 00| 0 eng d | ||
| 035 | _a(Sirsi) u17578 | ||
| 041 | _aeng | ||
| 100 | _aTutcher, S. | ||
| 245 | _aTwo routes for plant valuation | ||
| 260 | _c1996 | ||
| 350 | _a0 | ||
| 490 |
_aProperty Week _v56(5) 2 August 1996, 23(1) |
||
| 520 | _aCompares contractors basis and profits basis in carrying out plant and machinery valuations under the "Valuation for Rating (Plant and Machinery) (Scotland) Regulations 1994" (SI 1994:3199) and "Valuation for Rating (Plant and Machinery) Regulations 1994" (SI 1994: 2680). Explains which method should be used for specific applications. | ||
| 650 | _aCONTRACTORS BASIS | ||
| 650 | _aCONTRACTORS METHOD | ||
| 650 | _aPLANT AND MACHINERY | ||
| 650 | _aRECEIPTS AND EXPENDITURE VALUATION METHOD | ||
| 650 | _aPROFITS METHOD | ||
| 650 | _aRATING LIST 1995 | ||
| 650 | _aRATING VALUATION | ||
| 650 | _aVALUATION FOR RATING (PLANT AND MACHINERY) (SCOTLAND) REGU | ||
| 650 | _aVALUATION FOR RATING (PLANT AND MACHINERY) REGULATIONS 188 | ||
| 690 | _aRATING AND VALUATION | ||
| 942 | _n0 | ||
| 948 | _c04/03/1997 | ||
| 999 |
_c11655 _d11655 |
||